=LDR 00000nam 2200000 4500 =001 INLIS000000000022629 =005 20130612121352 =008 ***********************************Ind** =035 ##$$0010-061300000022629 =041 ##$$a Ind =082 ##$$a F.Rom.K =090 ##$$a Rom.k, 22 p =100 ##$$a Brett Bernard =245 ##$$a Petualangan sejati =260 ##$$a 2003 $b Jakarta =300 ##$$a 72 hlm, ilus, 25 cm =650 ##$$a Sejarah =850 ##$$a NBPNMAT =990 ##$$a 85288528 =990 ##$$a 00054188 =990 ##$$a 85298529 =990 ##$$a 00050007 =990 ##$$a 00054188